Anime/Manga Quiz - Statistics

General Stats
  • This quiz has been taken 1,126 times
  • The average score is 5 of 27
Answer Stats
Hint Answer % Correct
Consumes a 'Devil Fruit' which causes him to use his body like rubber Monkey D. Luffy
76%
Saiyan raised on Earth Son Goku
70%
The alien race named 'Saiyans' can transform into this form Super Saiyan
59%
A Fire Dragon Slayer, Salamander of the Fairy Tail guild Natsu Dragneel
56%
Half Saiyan, his mother wanted him to be a scholar Son Gohan
53%
Ninetails real name Kurama
44%
One of the last surviving Saiyans along with Nappa, travel to Earth in search of the Dragon Balls Vegeta
26%
The power introduced in part 3 of Jojo's Bizzare Adventure Stands
25%
The Fifth Kazekage of the Village Hidden in the Sand Gaara of the Sand
19%
Name of the Third Hokage Sarutobi
18%
Android created in the Red Ribbon Army and befriended the main character Android 8
13%
Getsuga Tensho is his signature move Ichigo Kurosaki
13%
Kuroko's only shot Phantom Shot
12%
He is the King of Games Yugi Muto
10%
He "defeated" Cell, and later became the World Martial Arts Champion Hercule Satan
8%
Name of Ace's mother (One Piece) Portgas D. Rouge
8%
Number of Magis in the Manga/Anime Magi Four
7%
The name of Guts's (Berserk) sword Dragonslayer
6%
What needs to be opened to use Transmutation Circleless Alchemy Gate of Truth
6%
Spike Spiegel's english voice actor Steve Blum
3%
The only boxer to defeat Ippo in a pro match Date Ejj
2%
Number of Ren used in first Nail Gun 50
1%
The rarest form of Haki (color wise, english) Color of the Conquering King
0%
Substance Spirit Energy in 666 Satan appears as... fog
0%
The King of the Eastern Hell and can command blue flames Inferno
0%
One of the other Kings of Hell. He has taken over the body of a child, who's name matches his personality Pandemoneum
0%
The name of Zenkichi's gain Abnormality Parasite Seeing
0%
No matching quizzes found
Score Distribution
Percent of People with Each Score
Percentile by Number Answered
Your Score History
You have not taken this quiz